000 00362nam a22001337a 4500
008 250404b |||||||| |||| 00| 0 eng d
020 _a0934540624
050 _aJF 1351
_b.L96
100 _aLynn B. Naomi
245 _aPublic Administration: The State of the Discipline
260 _aNigeria
_bChattan House Publishers, Inc
_c1992
300 _a530p.
942 _cBK
999 _c2849
_d2849